| 000 | 00819nam a2200217Ia 4500 | ||
|---|---|---|---|
| 003 | GCL | ||
| 008 | 140319s9999 xx 000 0 ara d | ||
| 040 |
_aGCL / _cGCL |
||
| 082 | 0 | 4 |
_aم _b011.75 _bهـ د |
| 100 | 1 | _aحشمت قاسم | |
| 245 | 1 | 0 |
_aدليل الرسائل الجامعية : التى اجازتها كلية الاداب منذ نشأتها وحتى نهاية عام 1990 / _cحشمت قاسم |
| 700 | 1 | _aناصر محمد عبدالرحمن | |
| 700 | 1 | _aهاشم فرحات سيد | |
| 260 |
_aالقاهرة : _bجامعة القاهرة - كلية الاداب ، _c1992 |
||
| 300 |
_a2 مج ؛ _c24 سم |
||
| 650 | 0 | 4 | _aالجامعات والكليات |
| 650 | 0 | 4 | _aالرسائل الجامعية |
| 650 | 0 | 4 | _aالفهارس |
| 650 | 0 | 4 | _aكلية الاداب |
| 942 |
_2ddc _cBK |
||
| 999 |
_c35315 _d35315 |
||